Países del Imperio Otomano en un Mapa - Estadísticas

Estadísticas generales
  • Esta prueba ha sido intentada 6.917 veces
  • La puntuación promedio es 29 de 31
Respuestas en el mapa
Las respuestas están codificadas por una escala verde-roja en el mapa de la prueba según el % correcto abajo.
 
Estadísticas de respuestas
País % Correcto
Turquía
99%
Egipto
98%
Grecia
98%
Israel
96%
Rumania
96%
Serbia
96%
Albania
95%
Argelia
95%
Bosnia y Herzegovina
95%
Bulgaria
95%
Chipre
95%
Croacia
95%
Kosovo
95%
Montenegro
95%
Ucrania
95%
Arabia Saudita
94%
Hungría
94%
Irak
94%
Libia
94%
Macedonia del Norte
94%
Túnez
94%
Moldavia
93%
Rusia
93%
Siria
93%
Jordania
91%
Líbano
90%
Eslovaquia
89%
Georgia
88%
Kuwait
76%
Sudán
71%
Eritrea
69%
No se encontraron pruebas coincidentes
Distribución de puntuación
Porcentaje de gente con cada puntuación
Porcentaje por número respondido
Historial de tus puntuaciones
No has intentado esta prueba.